| 000 | 03702cas a2200769 4500 | ||
|---|---|---|---|
| 999 |
_c127816 _d127816 |
||
| 001 | 11239329 | ||
| 003 | ARRUPE | ||
| 005 | 20180327102107.0 | ||
| 008 | 750523c19749999njuqr p 0 a0eng | ||
| 010 |
_a 80644031 _zcn 75031416 |
||
| 015 |
_a750314168 _2can |
||
| 015 |
_a750314168 rev _2can |
||
| 016 | 7 |
_a100967093 _2DNLM |
|
| 016 | _a(AMICUS)000000103447 | ||
| 022 | 0 |
_a0317-0500 _21 |
|
| 035 | _a(OCoLC)ocm02247651 | ||
| 037 | _bThe Editor, Seton Hall University, 400 South Orange Ave., South Orange, N.J. 07079 | ||
| 040 |
_aNLC _beng _cNLC |
||
| 042 |
_apcc _ansdp _aisds/c _anlc |
||
| 050 | 0 | 0 |
_aPR1905 _b.C4 |
| 055 | 0 | 2 | _aPR4453* |
| 082 | 0 | 4 | _a828/.912/09 |
| 100 |
_aChesterton, G.K. _941108 |
||
| 245 | 0 | 4 |
_aChaucer _cG.K. Chesterton |
| 260 | 3 |
_aLondon : _bFaber and Faber _c1962 |
|
| 300 |
_a302p. ; _c20cm. |
||
| 500 | _aPublished originally in 1932 | ||
| 590 | _aSERBIB/SERLOC merged record | ||
| 600 |
_aChaucer, Geoffrey _936928 |
||
| 655 | 7 |
_aPeriodicals. _2fast _933722 |
|
| 886 | 2 |
_2canmarc _a990 _b10 _a91001a _b71001a |
|
| 906 |
_a7 _bcbc _cserials _d4 _encip _f19 _gn-oclcserc |
||
| 942 |
_2lcc _cMONOGRAPH |
||